Statistics for Scorsese Films Featuring De Niro

Click here to take the quiz!

General Stats

  • This quiz has been taken 50 times
  • The average score is 7 of 11

Answer Stats

Answer% Correct
Taxi Driver
100%
Goodfellas
94%
Raging Bull
94%
Casino
86%
The Irishman
80%
The King of Comedy
65%
Mean Streets
63%
Killers of the Flower Moon
61%
Cape Fear
57%
New York, New York
37%
The Audition
12%

Score Distribution

Percentile by Number Answered

Percent of People with Each Score

Your Score History

You have not taken this quiz